[Event "NZL-ch U18 op"]
[Site "Wellington"]
[Date "2023.01.08"]
[Round "6"]
[White "Coates, Alex"]
[Black "Loke, Kayden"]
[Result "1-0"]
[WhiteElo "1718"]
[BlackElo "1972"]
[PlyCount "95"]
[EventDate "2023.01.02"]
[EventType "swiss"]
[EventRounds "7"]
[EventCountry "NZL"]
[SourceTitle "CBM 212 Extra"]
[Source "ChessBase"]
[SourceDate "2023.03.31"]
[SourceVersion "1"]
[SourceVersionDate "2023.03.31"]
[SourceQuality "1"]

1. d4 Nf6 2. c4 d5 3. cxd5 Nxd5 4. e4 Nb6 5. Be3 e6 6. Nc3 Bb4 7. a3 Bxc3+ 8. bxc3 Bd7 9. e5 Ba4 10. Qg4 g6 11. Nf3 Qd7 12. Nd2 Nc6 13. Bg5 Ne7 14. Ne4 0-0-0 15. Nc5 Qe8 16. Bd3 Bc6 17. Be4 Bxe4 18. Qxe4 c6 19. Rb1 Rd5 20. a4 Rxc5 21. dxc5 Nbd5 22. Qc2 h6 23. Bxe7 Qxe7 24. Qb2 Rd8 25. 0-0 Rd7 26. c4 Nf4 27. Rfd1 Nd3 28. Qa3 Nxe5 29. Qb2 Nd3 30. Qc3 Nxc5 31. Rxd7 Qxd7 32. Qb4 b6 33. a5 Na6 34. Qc3 Kb7 35. Qe3 c5 36. Qe4+ Qc6 37. Qf4 Qc7 38. Qf3+ Kb8 39. axb6 axb6 40. Qa3 Nb4 41. Ra1 Qb7 42. Qg3+ Qc7 43. Ra8+ Kb7 44. Ra7+ Kxa7 45. Qxc7+ Ka6 46. Qxf7 Nd3 47. Qe8 Ne5 48. Qa8# 1-0

[Event "NZL-ch op-B 130th"]
[Site "Wellington"]
[Date "2023.01.08"]
[Round "7"]
[White "Coates, Alex"]
[Black "McIntosh, Andrew"]
[Result "0-1"]
[WhiteElo "1718"]
[BlackElo "1794"]
[PlyCount "102"]
[EventDate "2023.01.02"]
[EventType "swiss"]
[EventRounds "9"]
[EventCountry "NZL"]
[SourceTitle "CBM 212 Extra"]
[Source "ChessBase"]
[SourceDate "2023.03.31"]
[SourceVersion "1"]
[SourceVersionDate "2023.03.31"]
[SourceQuality "1"]

1. d4 Nf6 2. c4 e6 3. Nc3 d5 4. cxd5 exd5 5. Bf4 c6 6. e3 Be7 7. Nf3 Nbd7 8. Be2 0-0 9. 0-0 Nh5 10. Bg3 Nxg3 11. hxg3 f5 12. Ne5 Nf6 13. f4 g6 14. Kf2 Bb4 15. Bf3 Kg7 16. Rh1 Rh8 17. a3 Bxc3 18. bxc3 Be6 19. Qb3 Qc7 20. Rab1 Rab8 21. Qb4 Rhc8 22. Rhc1 a5 23. Qb6 h5 24. Qxc7+ Rxc7 25. Rb6 Rh8 26. Rh1 Ne8 27. Nd3 Nd6 28. Nc5 Bc8 29. Bxd5 Rd7 30. Be6 Re7 31. Bxc8 Rxc8 32. Rc1 Rcc7 33. Rb3 a4 34. Rb4 b5 35. Rb2 Nc4 36. Ra2 Rxe3 37. Re1 Rce7 38. Rae2 Rxe2+ 39. Rxe2 Rxe2+ 40. Kxe2 Nxa3 41. Kd2 Nc4+ 42. Kc1 Ne3 43. Ne6+ Kf6 44. Nd8 g5 45. fxg5+ Kxg5 46. Nxc6 Kg4 47. Kd2 a3 48. Nb4 Nxg2 49. d5 Kxg3 50. d6 Nf4 51. Nd5 Ne6 0-1

[Event "NZL-ch U18 op"]
[Site "Wellington"]
[Date "2023.01.06"]
[Round "4"]
[White "Coates, Alex"]
[Black "Yue, Annie"]
[Result "1-0"]
[WhiteElo "1718"]
[BlackElo "1425"]
[PlyCount "89"]
[EventDate "2023.01.02"]
[EventType "swiss"]
[EventRounds "7"]
[EventCountry "NZL"]
[SourceTitle "CBM 212 Extra"]
[Source "ChessBase"]
[SourceDate "2023.03.31"]
[SourceVersion "1"]
[SourceVersionDate "2023.03.31"]
[SourceQuality "1"]

1. d4 d5 2. c4 e6 3. Nc3 Nf6 4. cxd5 exd5 5. Bf4 a6 6. e3 Bf5 7. Bd3 Bg6 8. Nf3 Nc6 9. 0-0 Nb4 10. Bb1 Bd6 11. Bxd6 Qxd6 12. a3 Nc6 13. Bd3 0-0 14. Bxg6 fxg6 15. Qb3 Kh8 16. h3 Ne7 17. Ne5 Nd7 18. f4 Qb6 19. Qc2 Nf6 20. g4 Qd6 21. Qg2 Qe6 22. Rac1 Nd7 23. Na4 Rac8 24. Nxd7 Qxd7 25. Nc5 Qc6 26. Rc3 b5 27. Nd3 Qd6 28. Rfc1 Ng8 29. Rc6 Qe7 30. Ne5 Nf6 31. g5 Ne4 32. Rxg6 c5 33. Qg4 Rc7 34. Re6 Qd8 35. g6 Nf6 36. Qh4 Qc8 37. Rxf6 gxf6 38. Nf7+ Rcxf7 39. gxf7 Rxf7 40. Rxc5 Qf5 41. Kf2 Rg7 42. Rc6 Rg6 43. Rc1 Kg7 44. Rc7+ Kf8 45. Qxh7 1-0

[Event "NZL-ch U18 op"]
[Site "Wellington"]
[Date "2023.01.05"]
[Round "3"]
[White "Mao, Daqi"]
[Black "Coates, Alex"]
[Result "1-0"]
[WhiteElo "2085"]
[BlackElo "1718"]
[PlyCount "71"]
[EventDate "2023.01.02"]
[EventType "swiss"]
[EventRounds "7"]
[EventCountry "NZL"]
[SourceTitle "CBM 212 Extra"]
[Source "ChessBase"]
[SourceDate "2023.03.31"]
[SourceVersion "1"]
[SourceVersionDate "2023.03.31"]
[SourceQuality "1"]

1. d4 e6 2. c4 c6 3. Nc3 d5 4. Nf3 dxc4 5. a4 a5 6. e4 h6 7. Bxc4 Bb4 8. Bd2 Nf6 9. Qc2 Na6 10. 0-0 Nc7 11. Rfe1 0-0 12. Qc1 Nh7 13. e5 Be7 14. Ne4 Bb4 15. Nc3 Be7 16. Ne4 Bb4 17. Bxb4 axb4 18. Qd2 Nd5 19. Nc5 b6 20. Nd3 Ng5 21. Nxg5 hxg5 22. Bxd5 exd5 23. Nxb4 Bb7 24. Nd3 Rc8 25. a5 Ba6 26. Nb4 Bb5 27. axb6 Qxb6 28. Ra3 Qd8 29. Rg3 f6 30. exf6 gxf6 31. h4 Rf7 32. hxg5 fxg5 33. Rxg5+ Rg7 34. Rxg7+ Kxg7 35. Qf4 Qf6 36. Qg4+ 1-0

[Event "North Island-ch"]
[Site "Auckland"]
[Date "2022.07.15"]
[Round "2"]
[White "Thurner, Anya"]
[Black "Coates, Alex"]
[Result "1-0"]
[WhiteElo "1619"]
[BlackElo "1340"]
[PlyCount "85"]
[EventDate "2022.07.14"]
[EventType "swiss"]
[EventRounds "9"]
[EventCountry "NZL"]
[SourceTitle "EXT 2024"]
[Source "ChessBase"]
[SourceDate "2023.10.10"]
[SourceVersion "1"]
[SourceVersionDate "2023.10.10"]
[SourceQuality "1"]

1. e4 c5 2. b3 e6 3. Bb2 d5 4. Bb5+ Nc6 5. Bxc6+ bxc6 6. d3 dxe4 7. dxe4 Qxd1+ 8. Kxd1 Bd7 9. c4 Nf6 10. Nc3 Be7 11. f3 0-0 12. Nh3 Rfd8 13. Ke2 e5 14. Nf2 Be6 15. Nd3 Nd7 16. Na4 f6 17. Ba3 f5 18. Ndxc5 Nxc5 19. Bxc5 Bg5 20. Be3 Bxe3 21. Kxe3 f4+ 22. Ke2 Rab8 23. Rhd1 g5 24. Nc5 Kf7 25. Rxd8 Rxd8 26. Rd1 Rxd1 27. Kxd1 Bc8 28. Kc2 h5 29. h3 g4 30. hxg4 hxg4 31. a4 gxf3 32. gxf3 Bh3 33. Kd2 Bc8 34. b4 Ke7 35. Kc3 Kd6 36. Nd3 a6 37. b5 axb5 38. cxb5 cxb5 39. axb5 Bh3 40. b6 Bc8 41. Kb4 Kc6 42. Ka5 Kd6 43. Kb5 1-0

[Event "North Island-ch"]
[Site "Auckland"]
[Date "2022.07.14"]
[Round "1"]
[White "Coates, Alex"]
[Black "Yu, Zachary"]
[Result "1-0"]
[WhiteElo "1340"]
[BlackElo "1681"]
[PlyCount "117"]
[EventDate "2022.07.14"]
[EventType "swiss"]
[EventRounds "9"]
[EventCountry "NZL"]
[SourceTitle "EXT 2024"]
[Source "ChessBase"]
[SourceDate "2023.10.10"]
[SourceVersion "1"]
[SourceVersionDate "2023.10.10"]
[SourceQuality "1"]

1. d4 Nf6 2. c4 e6 3. Nc3 d5 4. cxd5 exd5 5. Bf4 Bd6 6. Bg3 c6 7. e3 0-0 8. Nf3 Re8 9. Bd3 Bg4 10. a3 Ne4 11. Qc2 f5 12. Ne5 Nxg3 13. Nxg4 Nxh1 14. Bxf5 h6 15. 0-0-0 Nxf2 16. Qxf2 Nd7 17. e4 Nf6 18. Nxh6+ gxh6 19. e5 Nh5 20. exd6 Qxd6 21. Qc2 Kg7 22. Kb1 Re7 23. g4 Nf4 24. h4 Rae8 25. Ka2 Ne2 26. g5 hxg5 27. hxg5 Nxc3+ 28. Qxc3 Qf4 29. Bb1 Qxg5 30. Qc2 Rh8 31. Rd2 Qe3 32. Rg2+ Kf8 33. Qf5+ Rf7 34. Qc8+ Qe8 35. Qxe8+ Kxe8 36. Bg6 Kf8 37. Bxf7 Kxf7 38. Rf2+ Ke6 39. Kb3 Rh3+ 40. Kc2 Re3 41. Kd2 Re4 42. Kd3 a5 43. Rf8 a4 44. Rf1 b6 45. Rc1 Kd6 46. Rh1 c5 47. Rh6+ Re6 48. Rh8 Kc6 49. Rc8+ Kb5 50. Rd8 Kc6 51. Ra8 Rh6 52. dxc5 Kxc5 53. Rxa4 Rh3+ 54. Kd2 Rh2+ 55. Kc3 Rh3+ 56. Kc2 b5 57. Ra8 Rg3 58. Rc8+ Kd4 59. Ra8 1-0

[Event "Henderson Trusts op-B 44th"]
[Site "Henderson"]
[Date "2022.06.05"]
[Round "3"]
[White "Hurndell, Robert"]
[Black "Coates, Alex"]
[Result "1-0"]
[WhiteElo "1413"]
[BlackElo "1294"]
[PlyCount "77"]
[EventDate "2022.06.04"]
[EventType "swiss"]
[EventRounds "6"]
[EventCountry "NZL"]
[SourceTitle "EXT 2024"]
[Source "ChessBase"]
[SourceDate "2023.10.10"]
[SourceVersion "1"]
[SourceVersionDate "2023.10.10"]
[SourceQuality "1"]

1. e4 e6 2. d4 d5 3. Nd2 c5 4. exd5 exd5 5. Ndf3 Nf6 6. Bb5+ Nc6 7. Bxc6+ bxc6 8. Ne2 Bg4 9. Ng3 cxd4 10. Qxd4 Bxf3 11. gxf3 Qb6 12. Qe3+ Qxe3+ 13. fxe3 0-0-0 14. Bd2 Rg8 15. 0-0-0 Nd7 16. Bc3 g6 17. Rhg1 Bh6 18. Rge1 f5 19. f4 Bg7 20. Bxg7 Rxg7 21. Ne2 Re7 22. Nd4 Kb7 23. Rd3 c5 24. Rb3+ Nb6 25. Nf3 Kc7 26. Ra3 Kc6 27. Ne5+ Kd6 28. Ra6 Ra8 29. c4 dxc4 30. Nxc4+ Kc7 31. Nxb6 Kb7 32. Nd5 Rd7 33. Nf6 Rf7 34. Re6 Raf8 35. Nd5 Rd7 36. Re7 Rfd8 37. Rxd7+ Rxd7 38. Nc3 Kc6 39. Kc2 1-0

[Event "Henderson Trusts op-B 44th"]
[Site "Henderson"]
[Date "2022.06.04"]
[Round "1"]
[White "Redwood, Harry"]
[Black "Coates, Alex"]
[Result "1-0"]
[WhiteElo "1637"]
[BlackElo "1294"]
[PlyCount "99"]
[EventDate "2022.06.04"]
[EventType "swiss"]
[EventRounds "6"]
[EventCountry "NZL"]
[SourceTitle "EXT 2024"]
[Source "ChessBase"]
[SourceDate "2023.10.10"]
[SourceVersion "1"]
[SourceVersionDate "2023.10.10"]
[SourceQuality "1"]

1. d4 Nf6 2. Bf4 e6 3. e3 d5 4. Nf3 c5 5. Nbd2 Nc6 6. c3 Qb6 7. Rb1 cxd4 8. exd4 Be7 9. Bd3 Bd7 10. Ne5 a6 11. h4 h5 12. Qf3 Nxe5 13. Bxe5 Rc8 14. Qg3 Bb5 15. Bc2 Rg8 16. a4 Bd7 17. 0-0 Ng4 18. Rfe1 Nxe5 19. Qxe5 Bf6 20. Qxh5 Bxd4 21. cxd4 Rxc2 22. Qh7 Qxd4 23. Qxc2 Qxh4 24. Nf3 Qh5 25. Re5 Qh6 26. Qd2 Qh7 27. Rc1 Rh8 28. Kf1 Qh1+ 29. Ke2 Qxg2 30. Rg5 Qh3 31. Rxg7 b5 32. Qf4 Rf8 33. Rc7 bxa4 34. Qd6 e5 35. Qxd5 Bb5+ 36. Ke1 Qf1+ 37. Kd2 Qxf2+ 38. Kc1 Qf1+ 39. Qd1 Qh3 40. Rg1 a3 41. bxa3 e4 42. Re1 Qh6+ 43. Qd2 Qxd2+ 44. Nxd2 Kd8 45. Ra7 Bc6 46. Nc4 f5 47. Ne5 Rf6 48. Rh1 Be8 49. Rh8 Re6 50. Ra8+ 1-0